000 01217nam0a2200289 4500
001 RU\NLR\bibl\36738
005 20250615024450.0
021 _aRU
_b99-13974
_9675
035 _a(NLR Aleph) 000035811
090 _a183516
_c183516
100 _a19990705d1997 |||y0rusy50 ca
101 0 _arus
102 _aRU
105 _aa |||||||||
200 1 _aПроизводственно-социальные комплексы регионов и управление ими
_fМ.В. Глазырин
_gРос. акад. наук. Комис. по изуч. производ. сил. и природ. ресурсов
210 _aМ.
_aНовгород
_cБ.и.
_d1997
215 _a95 с.
_cсхем.
_d20
320 _aБиблиогр.: с. 94 и в подстроч. примеч.
606 0 _aПроизводственно-территориальные комплексы
_yРоссийская Федерация
_92099026
_3RU\NLR\auth\661269706
686 _aУ04(2)615
700 1 _aГлазырин
_bМ. В.
_gМихаил Васильевич
_4070
801 0 _aRU
_bNLR
_c19990705
_gPSBO
801 1 _aRU
_bNLR
_c19990705
852 _aNLR
_j99-4/3831
942 _cBOOK
980 _aNB